00570nam a2200193 a 4500001001300000003000900013005001700022008004100039020002300080082001500103100002000118245007400138260005500212300000900267500003500276505001000311650003500321700002000356nice12345678IN_TiNIC20260116013735.0050524s1998 newa grp 000 0 eng  a8121544 c52500a291.2bPAN aPandit, Motilal aIdentity in Conflictb Classical Christian Faith and Religio Occulta. aNew Delhi bMunshiram Manoharlal Publishers c1998 a253p aincludes index and biblioraphy2 aIndex aComparative Religion-Doctrines1 aPandit, Motilal